00600nam a2200205 a 4500001001300000003000900013005001700022008004100039020002300080082001900103100002000122245004800142260004700190300000900237500003500246505003100281650002200312650004000334700002000374nice12345678IN_TiNIC20260116014425.0050524s1995 newa grp 000 0 eng  a0815695 c98000a305.42095bSHA aSharoni, Simona aGender and the Israeli-Palestinian Conflict aNew YorkbSyracuse University Press c1995 a199p aincludes index and biblioraphy2 aNotes, Bibliography, Index aWomen-Palestenian aJewish Women-Israel-Social Conditio1 aSharoni, Simona